| 000 | 00662nam a2200229Ia 4500 | ||
|---|---|---|---|
| 003 | OSt | ||
| 005 | 20220925203940.0 | ||
| 006 | a|||||r|||| 00| 0 | ||
| 007 | ta | ||
| 008 | 220923b |||||||| |||| 00| 0 eng d | ||
| 037 | _cGeneral Book | ||
| 040 |
_aRTL _cRTL _beng |
||
| 041 |
_2eng _aeng |
||
| 082 | _aX9(D66).2.N80<N79r, M0 | ||
| 110 |
_aDLF UNIVERSAL ELECTRIC LIMITED _9267362 |
||
| 245 | 0 | _aAnnual report,1979-80. | |
| 260 |
_aFaridabad _bDLF Universal Ltd _c1980 |
||
| 300 |
_a55p. _ccm. |
||
| 700 |
_aDLF UNIVERSAL ELECTRIC LIMITED _9267363 |
||
| 942 |
_hX9(D66).2.N80<N79r, M0 _cGB _2CC |
||
| 999 |
_c548153 _d548153 |
||